| 000 | 01081nam a22002774aa4500 | ||
|---|---|---|---|
| 003 | BOFEUTO | ||
| 005 | 20260512173029.0 | ||
| 008 | 260504t2025 bo gr 000 f spa d | ||
| 040 |
_6BOFEUTO _aBOFEUTO _cBOFEUTO |
||
| 041 | _aspa | ||
| 044 | _abo | ||
| 082 |
_aTE6309 _bP426i |
||
| 100 |
_aPérez Rocha, Gabriela _eautor |
||
| 245 |
_aLa innovación tecnológica en atención al cliente mediante un Sistema de Telemedicina para el Centro Médico Materno Infantil Yolanda María. / _c Gabriela Pérez Rocha, Douglas Guzmán Gutiérrez |
||
| 260 |
_aOruro : _bs/n, _c2025. |
||
| 300 |
_a148 hojas ; _bgráf, ilus, ; _c28.5 cm. |
||
| 500 | _aIncluye bibliografía, anexos. | ||
| 502 | _aTesis Dirigida, (Licenciatura) -- Universidad Técnica de Oruro, Facultad de Ciencias Económicas, Financieras y Administrativas, Carrera Administración de Empresas, 2025. | ||
| 650 | _aInnovación Tecnológica | ||
| 653 | _aAtención | ||
| 653 | _aCliente | ||
| 653 | _aSistema | ||
| 653 | _aCentro Médico | ||
| 700 |
_aGuzmán Gutiérrez, Douglas _etutor |
||
| 942 |
_2ddc _cTE _n0 |
||
| 999 |
_c16164 _d16164 |
||